Detalles MARC
| 000 -CABECERA |
| Longitud fija campo de control |
02142nam a2200409 i 4500 |
| 003 - • IDENTIFICADOR DELl NÚMERO DE CONTROL |
| Identificador del número de control |
CO-BoRNBP |
| 005 - • FECHA Y HORA DE LA ÚLTIMA TRANSACCIÓN |
| Fecha y hora de la última transacción |
20230504155548.0 |
| 007 - • CAMPO FIJO DE DESCRIPCIÓN FÍSICA |
| Campo fijo de descripción física |
ta |
| 008 - • CÓDIGOS DE INFORMACIÓN DE LONGITUD FIJA |
| Códigos de información de longitud fija |
211019s2021 ck a|||br|||| 00| p spa d |
| 020 ## - • NÚMERO INTERNACIONAL NORMALIZADO PARA LIBROS |
| Número Internacional Normalizado para Libros (ISBN) |
9789585330979 |
| 040 ## - FUENTE DE LA CATALOGACIÓN |
| Centro catalogador de origen |
CO-BoRNBP |
| Lengua de catalogación |
spa |
| Normas de descripción |
rda |
| Centro transcriptor |
CO-BoRNBP |
| 041 0# - • CÓDIGO DE LENGUA |
| Código de lengua del texto/banda sonora o título independiente |
spa |
| 043 ## - CÓDIGO DE ÁREA GEOGRÁFICA |
| Código de área geográfica |
s-ck--- |
| 084 ## - • Clasificación Local Alfanúmerica PNLB |
| Número de clasificación |
P ORO5 |
| 100 1# - • PUNTO DE ACCESO PRINCIPAL-NOMBRE DE PERSONA |
| Nombre de persona |
Orobio Solis, Faustina |
| Fechas asociadas al nombre |
1957- |
| Término indicativo de función |
autora |
| 245 10 - • TITULO PROPIAMENTE DICHO |
| Título |
Canto y juego a ritmo de marimba |
| Mención de responsabilidad, etc. |
cantos Faustina Orobio ; compilación Freddy Henríquez ; ilustraciones Oscar Soacha ; dirección editorial Andrés Chávez |
| 250 ## - • MENCIÓN DE EDICIÓN |
| Mención de edición |
Edición especial |
| 264 #1 - PRODUCCIÓN, PUBLICACIÓN , DISTRIBUCIÓN, FABRICACIÓN Y COPYRIGHT |
| Lugar de producción, publicación, distribución, fabricación |
Bogotá, Colombia |
| Nombre del productor, editor, distribuidor, fabricante |
Fundación Teatro Musical Latinoamericano |
| -- |
Fundación Mulato |
| Fecha de de producción, publicación, distribución, fabricación o copyright |
2021 |
| 300 ## - • DESCRIPCIÓN FÍSICA |
| Extensión |
91 páginas |
| Otras características físicas |
ilustraciones a color |
| Dimensiones |
22 cm |
| Material Anexo |
+ 1 CD |
| 336 ## - TIPO DE CONTENIDO |
| Término de tipo de contenido |
texto |
| Código de tipo de contenido |
txt |
| Fuente |
rdacontent |
| 337 ## - TIPO DE MEDIO |
| Nombre del tipo de medio |
sin mediación |
| Código del tipo de medio |
n |
| Fuente |
rdamedia |
| 338 ## - TIPO DE SOPORTE |
| Nombre del tipo de soporte |
volumen |
| Código del tipo de soporte |
nc |
| Fuente |
rdacarrier |
| 490 0# - • MENCIÓN DE SERIE |
| Mención de serie |
Plan Nacional de Lectura y Escritura Leer es mi Cuento / Ministerio de Cultura |
| 504 ## - • NOTA DE BIBLIOGRAFÍA, ETC |
| Nota de bibliografía, etc. |
Incluye referencias bibliográficas y glosario<br/> |
| 505 00 - • NOTA DE CONTENIDO CON FORMATO |
| Información varia (R ) |
CD. Cantos |
| Título (R ) |
El chocolate |
| -- |
Los cholitos |
| -- |
Cholita, vení bailemos |
| -- |
La paloma y el pavorreal |
| -- |
Las ostras |
| -- |
El zancudo |
| -- |
La gallina cucurada |
| -- |
Los pollitos |
| -- |
Mi camotal |
| -- |
La yuca |
| -- |
La petaquita |
| -- |
El florón |
| -- |
El medicamento |
| -- |
Los cinco sentidos |
| -- |
Zapatico |
| -- |
Doña Ana |
| -- |
El niño de la cuna |
| Información varia (R ) |
JUEGOS |
| Título (R ) |
El cocherito |
| -- |
La pandereta |
| -- |
Las cebollitas |
| -- |
El roble |
| -- |
El pájaro pinto |
| 521 ## - • NOTA DE PÚBLICO DESTINATARIO |
| Nota público destinatario (R ) |
Recomendado para un público infantil mayor de 6 años |
| 650 17 - • PUNTO DE ACCESO ADICIONAL DE MATERIA - TÉRMINO DE MATERIA |
| Término de materia o nombre geográfico como elemento inicial |
Poesía infantil colombiana |
| Subdivisión de forma |
Colecciones |
| Fuente del encabezamiento o término |
LEMB |
| 650 17 - • PUNTO DE ACCESO ADICIONAL DE MATERIA - TÉRMINO DE MATERIA |
| Término de materia o nombre geográfico como elemento inicial |
Canciones infantiles |
| Subdivisión geográfica |
Pacífico (Región, Colombia) |
| Fuente del encabezamiento o término |
LEMB |
| 650 17 - • PUNTO DE ACCESO ADICIONAL DE MATERIA - TÉRMINO DE MATERIA |
| Término de materia o nombre geográfico como elemento inicial |
Canciones populares |
| Subdivisión geográfica |
Pacífico (Región, Colombia) |
| Fuente del encabezamiento o término |
LEMB |
| 650 17 - • PUNTO DE ACCESO ADICIONAL DE MATERIA - TÉRMINO DE MATERIA |
| Término de materia o nombre geográfico como elemento inicial |
Folclor |
| Subdivisión geográfica |
Pacífico (Región, Colombia) |
| Fuente del encabezamiento o término |
LEMB |
| 650 17 - • PUNTO DE ACCESO ADICIONAL DE MATERIA - TÉRMINO DE MATERIA |
| Término de materia o nombre geográfico como elemento inicial |
Juegos con música |
| Subdivisión geográfica |
Pacífico (Región, Colombia) |
| Fuente del encabezamiento o término |
LEMB |
| 651 #4 - • PUNTO DE ACCESO ADICIONAL DE MATERIA - NOMBRE GEOGRÁFICO |
| Nombre geográfico |
Pacífico (Región, Colombia) |
| Subdivisión de materia general |
Vida social y costumbres |
| 700 1# - • PUNTO DE ACCESO ADICIONAL - NOMBRE DE PERSONA |
| Nombre de persona |
Henríquez Ardila, Freddy Alfonso |
| Término indicativo de función |
compilador |
| 700 1# - • PUNTO DE ACCESO ADICIONAL - NOMBRE DE PERSONA |
| Nombre de persona |
Soacha León, Óscar Albeiro |
| Término indicativo de función |
ilustrador |
| 700 1# - • PUNTO DE ACCESO ADICIONAL - NOMBRE DE PERSONA |
| Nombre de persona |
Chávez Riaño, Iván Andrés |
| Término indicativo de función |
editor |
| 942 ## - ENTRADA DE ELEMENTOS AGREGADOS (KOHA) |
| Koha [por defecto] tipo de item |
Libro Literatura |